000 01105ngm a2200229 a 4500
005 20210223124429.0
008 011008s2000 mx r 000 0 spa d
020 _a9682992419
035 _aUPN01000112775
049 _aAV
099 _aPVI F 0961
245 0 0 _a1926-1928 :
_bballet mecánico /
_cRealización Ricardo Pérez Montfort.
260 _aMéxico :
_bILCE,
_c[199-?].
300 _a1 videocasete (VHS) (60 min.) :
_bson., col.
440 0 _aSiglo 20.
_pLa vida en México ;
_v4
501 _aCon: 1928-1929 : calles de sueños y desvelos
520 _aDurante los últimos años del gobierno de Calles se consolida el muralismo mexicano. La vida social se transforma, la riqueza del país se apoya en el petróleo y el ejército se moderniza. En: 1928-1929 : en México, el clero y el Estado terminan con el conflicto cristero. Calles sigue dominando la escena. La radio se hace más popular
651 4 _aMEXICO -
_xHISTORIA -
_yREGIMEN CALLISTA, 1924-1928
650 4 _aHISTORIA MODERNA -
_ySIGLO XX
_914204
740 0 _a1928-1929 : calles de sueños y desvelos
905 _aAudiovisuales
999 _c86683
_d86683